000 01061cam a22003257a 4500
003 CHAP
005 20220817041634.0
008 971013s1983 mx a r 00010 spa d
010 _a20446
011 _a21418
035 _a25508
040 _cCHAP
082 0 4 _a027.7
_bA7
100 0 0 _aArellano Rodríguez, José Alberto.
_96922
245 1 4 _aLas bibliotecas de la Universidad de Yucatán
_b: diagnóstico, evaluación y plan de desarollo
260 _aMérida, Yuc., :
_bUniversidad de Yucatán,
_c1983
300 _a170 h.
_b; apénd
500 _aFotocopia
590 _aBATCH-UPD
_b10
_c20130110
_lUCH01
_h0104
590 _aBATCH-UPD
_b10
_c20130110
_lUCH01
_h2056
590 _aBATCH-UPD
_b10
_c20130410
_lUCH01
_h1409
590 _aBATCH-UPD
_b10
_c20130914
_lUCH01
_h2131
590 _aCONVERSION
_b10
_c20130109
_lUCH01
_h1312
650 1 4 _aBibliotecas universitarias.
700 0 _aKennedy Mary Lee.
_963030
700 0 _aTolama Neri, Beatriz.
_9113602
901 _aBK
942 _cLIBRO
949 _a027.7 A7
_bBC
_cB
_d-58826
_eB
_h73102
_i25508
_mD
_si
999 _c20446
_d20446